000 00601nam a22002057a 4500
003 KOHA_MİRAKIL
005 20260406100615.0
008 260406b tu ||||| |||| 00| 0 tur d
020 _a9789944629386
040 _aTR-AnABB
_btur
_cTR-AnABB
041 _atur
082 _a323.352
_bTUN 2009
100 1 _aTunç, Güven
245 1 0 _aElimsende :
_bBenim haklarım annemimin hakları dünyamın hakları /
_cGüven Tunç
260 _aAnkara :
_bAkademi matbaası,
_c2009
300 _a92 sayfa ;
_c20 cm
500 _ayazar imzalı
650 0 4 _aÇocuk hakları
942 _2ddc
_cBK
999 _c10153
_d10153
900 _bCem ÖZOGLU